What bird is this? - Statistics

General Stats
  • This quiz has been taken 31 times
  • The average score is 7 of 15
Answer Stats
Picture Hint Answer % Correct
This bird loves to dig and lives in holes. Burrowing Owl
96%
This species of bird once rare but has bounced back. Brown Pelican
82%
This bird is found in the woods. Forest Raven
79%
This bird is named after an eating utensil. Roseate Spoonbill
75%
This bird is named after a shade of blue. Azure Kingfisher
68%
This species of bird is found through the Northern Hemisphere. Great Cormorant
46%
This bird only has a certain colour in the summer. Red-winged Blackbird
46%
This bird is found in North America. Black-capped Chickadee
36%
This species of bird is found only in New Zealand. Red-billed Gull
32%
This species of bird is the state bird of Alabama. Northern Flicker.
25%
This bird was named after a children's toy. Red Kite
25%
This bird is found in Latin America. Jabiru
18%
This species of bird is named after the (insert name here) region. Oriental Pratincole
11%
This bird is closely related to parrots, falcons and passerines. Red-legged Seriema
7%
This bird is the national bird of Venezuela. Troupial
7%
No matching quizzes found
Score Distribution
Percent of People with Each Score
Percentile by Number Answered
Your Score History
You have not taken this quiz